Kleindienst, Thekla, 1978-. Die Entwicklung der bundesdeutschen Osteuropaforschung im Spannungsfeld zwischen Wissenschaft und Politik. - Marburg : Verl. Herder-Inst.. - 2009 [Rezension]
| Titel: | Kleindienst, Thekla, 1978-. Die Entwicklung der bundesdeutschen Osteuropaforschung im Spannungsfeld zwischen Wissenschaft und Politik. - Marburg : Verl. Herder-Inst.. - 2009 [Rezension] |
|---|---|
| Verfasser: | |
| In: |
Bohemia, Band 50, Heft 2 (2010), Seite 447-449 alle Artikel anzeigen |
| Veröffentlicht: | 2010 |
| Format: | Aufsatz |
| Sprache: | Deutsch |
X
alg: 39475907 001A $01999:12-11-16 001B $01999:03-08-21 $t21:01:30.000 001D $01999:12-11-16 001U $0utf8 001X $00 002@ $0Aox 003@ $0394759079 007A $0394759079 $aHEB 007T $0Herdc0076009m 010@ $ager 011@ $a2010 021A $aKleindienst, Thekla, 1978-. Die @Entwicklung der bundesdeutschen Osteuropaforschung im Spannungsfeld zwischen Wissenschaft und Politik. - Marburg : Verl. Herder-Inst.. - 2009 [Rezension] 028A $aPetersen $dHans-Christian 031A $d50 $e2 $h447-449 $j2010 039B $aIn $8--Abvc--. Bohemia. - München : Verlag des Collegium Carolinum, 1960-. - ISSN 0523-8587 $x201000000500002553 $9046829520 039T $8--Aau--Kleindienst, Thekla$Z1978- [Tp1]. Die @Entwicklung der bundesdeutschen Osteuropaforschung im Spannungsfeld zwischen Wissenschaft und Politik. - Marburg : Verl. Herder-Inst., 2009. - IX, 434 S.. - Ill., graph. Darst.. - ISBN 978-3-87969-358-0 $922217806X 045F $a900.94371 $eDDC23BSB 045F/01 $a900 045F/03 $g4371 045F/03 $g4373 045F/03 $g437 045T $a7,41 $a3,5 $a8,1 045T $aAVL $qDE-30 $2FID lok: 39475907 78 exp: 39475907 78 1 #EPN 201B/01 $026-11-17 $t03:47:59.000 201U/01 $0utf8 203@/01 $0791057682 208@/01 $a12-11-16 $be 209A/01 $a/ $f000 $x00 220C/01 $aTitelaufnehmer: rb 220C/01 $aHerkunft: HI Marburg 244Z/01 $2Trx $#Kesk- ja Ida- Euroopa kontseptsioonid $#Vidurio Europos koncepcijos $#East-Central Europe $#Keletközépeurópa-eszmék $#Europa Środkowo-Wschodnia koncepcje $#Európa stredovýchodná koncepcie $#Evropa střední, východní část koncepce $#Mitteleuropa $#Osteuropakonzeptionen $#Europa Środkowa koncepcje $#Stredná Európa koncepcie $#Střední Europa koncepce $8--Trx--Ostmitteleuropakonzeptionen $x01 $9391364286 244Z/01 $2Trx $#Poola $#Lenkija $#Polija $#Polen Land $#Poland $#Lengyelország $#Poľsko $#Polsko $8--Trx--Polska$gkraj $x02 $9391345966 244Z/01 $#Tschechien $#Tschechische Republik $#Tschechische Republik $#Tschechenland $#Tschechei Tschechien $#Česká Republika $#Czech Republic $#ČR $74303381-7 $8--Tg1--Tschechien $x03 $9086659812 244Z/01 $2Trx $#Böhmen $#Bohemia $#Czechy $8--Trx--Čechy $x04 $9391188941 244Z/01 $2Trx $#Slowakische Republik $#Szlovák Köztársaság $#Republika Słowacka $#Slovenská Republika $#Slovensko $#Slowakei $#Słowacja $#Slovensko $8--Trx--Slovenská Republika $x05 $9391345796 244Z/01 $2Trx $#arvustused $#recenzijos $#Reviews $#recenziók $#recenzje $#recenzie $#recenze $8--Trx--Rezensionen $x06 $9391357441 247C/01 $82080>Marburg/Lahn, Herder-Institut, Forschungsbibliothek, Bibliographieportal $9336309341
| LEADER | 00000caa a22000002c 4500 | ||
|---|---|---|---|
| 001 | 394759079 | ||
| 003 | DE-603 | ||
| 005 | 20210803210130.0 | ||
| 007 | tu | ||
| 008 | 161112s2010 xx |||| | u00||u|ger c | ||
| 035 | |a (DE-599)HEB394759079 | ||
| 040 | |a DE-603 |b ger |c DE-603 |d DE-603 | ||
| 041 | |a ger | ||
| 082 | 0 | 4 | |8 1\u |a 900.94371 |q DE-101 |2 23/BSB |
| 084 | |a 7,41 |a 3,5 |a 8,1 |2 ssgn | ||
| 084 | |a AVL |q DE-30 |2 fid | ||
| 085 | |8 1\u |b 900 | ||
| 085 | |8 1\u |z 2 |s 4371 | ||
| 085 | |8 1\u |z 2 |s 4373 | ||
| 085 | |8 1\u |z 2 |s 437 | ||
| 100 | 1 | |a Petersen, Hans-Christian | |
| 245 | 0 | 0 | |a Kleindienst, Thekla, 1978-. Die Entwicklung der bundesdeutschen Osteuropaforschung im Spannungsfeld zwischen Wissenschaft und Politik. - Marburg : Verl. Herder-Inst.. - 2009 [Rezension] |
| 264 | 0 | |c 2010 | |
| 773 | 0 | 8 | |i In |t Bohemia |d München : Verlag des Collegium Carolinum, 1960- |h 24 cm |x 0523-8587 |g Band 50, Heft 2 (2010), Seite 447-449 |w (DE-603)046829520 |w (DE-600)1166-6 |
| 787 | 0 | 8 | |i Rezension von |a Kleindienst, Thekla, 1978- |t Die Entwicklung der bundesdeutschen Osteuropaforschung im Spannungsfeld zwischen Wissenschaft und Politik |d Marburg : Verl. Herder-Inst., 2009 |h IX, 434 S., Ill., graph. Darst. |z 9783879693580 |w (DE-603)22217806X |
| 924 | 0 | |9 2080 |a (DE-603)791057682 |b DE-2080 |c HES |d d |g / | |


